Prueba de Asturias - Estadísticas

Estadísticas generales
  • Esta prueba ha sido intentada 87 veces
  • La puntuación promedio es 12 de 16
Estadísticas de respuestas
Pregunta Respuesta % Correcto
Capital de Asturias Oviedo
98%
Localidad más poblada de Asturias Gijón
97%
Primer monarca del Reino de Asturias, símbolo de la reconquista. Don Pelayo
92%
Cantante nacido en Oviedo. Ha hecho incursiones en géneros como el flamenco, la rumba, el pop, el rock o la balada. Se trata de uno de los artistas más exitosos de la historia reciente de este país, gozando de gran popularidad desde inicios de los años 2000. Melendi
89%
Santuario cristiano en homenaje a la patrona de Asturias en el que se encuentra enterrado dicho monarca. Covadonga
88%
Plato tradicional elaborado con judías, embutido y carne de cerdo. Especialmente consumido durante el invierno. Fabada
80%
Ex futbolista nacido en Tuilla, campeón del Mundo y de Europa con la selección española absoluta, de la Champions League y La Liga con el FC Barcelona y de La Liga con el Atlético de Madrid. David Villa
78%
Ex futbolista y entrenador nacido en Gijón. Militó en el Sporting de Gijón, en el Real Madrid y en el FC Barcelona y jugó con la selección española durante más de diez años, con la que disputó tres mundiales y ganó un oro olímpico. Como entrenador ha ganado dos Champions League y ha ganado dos veces La Liga. Luis Enrique
78%
Plato tradicional cuya elaboración varía depediendo de la localidad, aunque en general su elaboración consta de dos filetes de ternera acompañados de jamón y queso y empanados con harina, pan rallado y huevo. Cachopo
77%
Pueblo costero, considerado uno de los más bonitos de España. Ganó la primera edición del concurso Grand Prix. Cudillero
74%
Ex periodista y presentadora, y actual reina consorte nacida en Oviedo. Letizia Ortiz
74%
Bebida alcohólica elaborada con jugo fermentado de manzana. Para servir la bebida de la botella al vaso, es tradicional su escanciado. Sidra
74%
Ex futbolista nacido en Oviedo y criado en Avilés. Uno de los máximos goleadores de la historia de La Liga, jugó en el Sporting de Gijón y en el FC Barcelona y fue apodado "El Brujo" Quini
68%
Río que recorre la comunidad, famoso por acoger un descenso anual en piragua de más de 20 kilómetros. Sella
66%
Cadena montañosa que separa Asturias de Cantabria y León. Desde 1918 cuenta con la figura de protección de Parque Nacional y cuenta con un alto valor ecológico por sus imponentes montañas (algunas por encima de los 2600 metros) y sus frondosos bosques que dan refugio a animales como el oso o el urogallo. Picos de Europa
65%
Médico y científico nacido en Luarca. Fue galardonado con el Premio Nobel de Medicina en 1959. Severo Ochoa
38%
No se encontraron pruebas coincidentes
Distribución de puntuación
Porcentaje de gente con cada puntuación
Porcentaje por número respondido
Historial de tus puntuaciones
No has intentado esta prueba.